Solicitor's negligence (Record no. 64361)

MARC details
000 -LEADER
fixed length control field 01088cam a2200205 4500
001 - CONTROL NUMBER
control field X107749
008 - FIXED-LENGTH DATA ELEMENTS--GENERAL INFORMATION
fixed length control field 000000n2000 000 0 eng u
035 ## - SYSTEM CONTROL NUMBER
System control number (Sirsi) u107749
245 ## - TITLE STATEMENT
Title Solicitor's negligence
260 ## - PUBLICATION, DISTRIBUTION, ETC.
Date of publication, distribution, etc. 2000
490 ## - SERIES STATEMENT
Series statement Estates Gazette Case Summaries
Volume/sequential designation [2000]EGCS 98 (19/07/00)
520 ## - SUMMARY, ETC.
Summary, etc. Patel and another v Daybells (a firm), QBD 19 July 2000. Defendant solicitor paying entire purchase price to vendor's solicitor against undertaking of latter to redeem prior mortgage - Undertaking not fulfilled- Claimant purchasers unable to reduce liability to their bank -Whether defendant should have departed from normal conveyancing practice - Whether claimants' loss limited diminution in value of purchased property by reason of continuing incumbrance. Held. The defendant succeeded on the first issue. The claimants succeeded on the second issue.
650 ## - SUBJECT ADDED ENTRY--TOPICAL TERM
Topical term or geographic name entry element SOLICITORS
650 ## - SUBJECT ADDED ENTRY--TOPICAL TERM
Topical term or geographic name entry element NEGLIGENCE
650 ## - SUBJECT ADDED ENTRY--TOPICAL TERM
Topical term or geographic name entry element PROFESSIONAL PRACTICE
650 ## - SUBJECT ADDED ENTRY--TOPICAL TERM
Topical term or geographic name entry element CONVEYANCING
650 ## - SUBJECT ADDED ENTRY--TOPICAL TERM
Topical term or geographic name entry element DIMINUTION IN VALUE
690 ## - LOCAL SUBJECT ADDED ENTRY--TOPICAL TERM (OCLC, RLIN)
Topical term or geographic name as entry element PROFESSIONAL PRACTICE-NEGLIGENCE
942 ## - ADDED ENTRY ELEMENTS (KOHA)
Suppress in OPAC 0
Holdings
Withdrawn status Lost status Source of classification or shelving scheme Damaged status Not for loan Home library Current library Shelving location Date acquired Total Checkouts Full call number Barcode Date last seen Copy number Price effective from Koha item type
    Dewey Decimal Classification     London London News article 11/08/2000   X107749 107749-1001 06/08/2019 1 06/08/2019 Law report